[Event "Taastrup Quick Weekend 13th B3"]
[Site "Taastrup"]
[Date "2011.04.03"]
[Round "5"]
[White "Hansen, Soren Otto"]
[Black "Nielsen, Jan5555"]
[Result "1-0"]
[WhiteElo "1520"]
[BlackElo "1277"]
[PlyCount "43"]
[EventDate "2011.04.01"]
[EventType "tourn"]
[EventRounds "5"]
[EventCountry "DEN"]
[SourceTitle "EXT 2023"]
[Source "ChessBase"]
[SourceDate "2022.10.05"]
[SourceVersion "1"]
[SourceVersionDate "2022.10.05"]
[SourceQuality "1"]

1. e4 e5 2. Nf3 Nc6 3. Bb5 Bc5 4. 0-0 Nf6 5. Nxe5 Nxe5 6. d4 Nxe4 7. dxc5 Nxc5 8. Re1 f6 9. f4 c6 10. fxe5 cxb5 11. exf6+ Ne6 12. fxg7 Rg8 13. Qh5+ Ke7 14. Bg5+ Kd6 15. Qd1+ Kc6 16. Bxd8 Nxd8 17. Nc3 Ne6 18. Qd5+ Kc7 19. Nxb5+ Kb6 20. Qd6+ Kxb5 21. Re5+ Ka4 22. b3# 1-0

[Event "Taastrup Quick Weekend 13th B3"]
[Site "Taastrup"]
[Date "2011.04.02"]
[Round "3"]
[White "Sorensen, Viggo"]
[Black "Hansen, Soren Otto"]
[Result "0-1"]
[WhiteElo "1266"]
[BlackElo "1520"]
[PlyCount "68"]
[EventDate "2011.04.01"]
[EventType "tourn"]
[EventRounds "5"]
[EventCountry "DEN"]
[SourceTitle "EXT 2023"]
[Source "ChessBase"]
[SourceDate "2022.10.05"]
[SourceVersion "1"]
[SourceVersionDate "2022.10.05"]
[SourceQuality "1"]

1. e4 e5 2. f4 exf4 3. Nf3 g5 4. Bc4 g4 5. 0-0 gxf3 6. Qxf3 Qf6 7. d3 Nc6 8. Bxf4 d6 9. Nc3 Be6 10. Nb5 0-0-0 11. Qg3 Qg6 12. Qe3 Kb8 13. Rf3 Nf6 14. Rg3 Ng4 15. Qe2 h5 16. Bxe6 Qxe6 17. h3 Nge5 18. d4 Qc4 19. Qxc4 Nxc4 20. d5 N6e5 21. b3 Nb6 22. c4 Bh6 23. Bxe5 dxe5 24. c5 Bf4 25. Rg7 Be3+ 26. Kf1 Bxc5 27. Rc1 Nd7 28. b4 Bb6 29. a4 a6 30. Na3 Rhf8 31. Ke2 f5 32. Rf1 Rg8 33. Rf7 Rxg2+ 34. Kf3 Rdg8 0-1

[Event "Taastrup Quick Weekend 8th D"]
[Site "Taastrup"]
[Date "2008.10.25"]
[Round "2"]
[White "Vesterli, Michael"]
[Black "Hansen, Soren Otto"]
[Result "0-1"]
[WhiteElo "1483"]
[BlackElo "1546"]
[PlyCount "106"]
[EventDate "2008.10.24"]
[EventType "tourn"]
[EventRounds "5"]
[EventCountry "DEN"]
[SourceTitle "EXT 2023"]
[Source "ChessBase"]
[SourceDate "2022.10.05"]
[SourceVersion "1"]
[SourceVersionDate "2022.10.05"]
[SourceQuality "1"]

1. d4 Nf6 2. c4 e6 3. Nc3 Bb4 4. Bd2 d5 5. e3 0-0 6. Nf3 Re8 7. Qb3 Nc6 8. cxd5 exd5 9. Bb5 Bxc3 10. bxc3 Na5 11. Qb4 c6 12. Bd3 Ne4 13. 0-0 Bg4 14. Bxe4 dxe4 15. Ne5 Be2 16. Rfe1 Ba6 17. f3 f6 18. Ng4 Nc4 19. Qb3 Kh8 20. Qc2 f5 21. Nf2 exf3 22. g3 Qg5 23. Qc1 Nxd2 24. Qxd2 Be2 25. Nd1 Qh6 26. Rb1 Qh3 27. Rxe2 fxe2 28. Qxe2 b6 29. Qf3 f4 30. Nf2 Qf5 31. e4 Qa5 32. gxf4 Qxa2 33. Re1 Rad8 34. Nd3 Qd2 35. Rc1 c5 36. d5 c4 37. Rd1 Qxc3 38. Ne5 Qxf3 39. Nxf3 Rxe4 40. Ne5 Rxf4 41. Nc6 Rd6 42. Nxa7 c3 43. Nb5 c2 44. Re1 Rd8 45. Na3 h6 46. Nxc2 Rxd5 47. Rb1 b5 48. Na3 b4 49. Nc2 Rb5 50. Kg2 b3 51. Ne1 Ra4 52. Nd3 b2 53. Kf1 Ra1 0-1

[Event "Taastrup Quick Weekend 2nd B"]
[Site "Taastrup"]
[Date "2005.11.13"]
[Round "4"]
[White "Hansen, Soren Otto"]
[Black "Svendsen, Mikkel"]
[Result "0-1"]
[WhiteElo "1649"]
[BlackElo "1802"]
[PlyCount "90"]
[EventDate "2005.11.11"]
[EventType "tourn"]
[EventRounds "5"]
[EventCountry "DEN"]
[SourceTitle "EXT 2023"]
[Source "ChessBase"]
[SourceDate "2022.10.05"]
[SourceVersion "1"]
[SourceVersionDate "2022.10.05"]
[SourceQuality "1"]

1. e4 Nf6 2. e5 Nd5 3. d4 d6 4. c4 Nb6 5. exd6 exd6 6. Nf3 Be7 7. Be2 Bg4 8. 0-0 Nc6 9. Nbd2 0-0 10. d5 Bxf3 11. Nxf3 Ne5 12. Nxe5 dxe5 13. Be3 f5 14. Qd2 Nd7 15. f4 e4 16. b4 b6 17. Rac1 a5 18. a3 Nf6 19. Rfd1 axb4 20. axb4 Ra3 21. c5 Kh8 22. Bd4 Qxd5 23. Bxf6 Qxd2 24. Bxg7+ Kxg7 25. Rxd2 bxc5 26. Rd7 Kf6 27. bxc5 Ra7 28. h3 Rf7 29. c6 Bd6 30. Rxf7+ Kxf7 31. Rf1 Kf6 32. g4 Ra2 33. g5+ Kg6 34. Bc4 Rc2 35. Bb5 Kh5 36. Ba4 Rd2 37. Bb3 Kh4 38. Be6 Kg3 39. Rc1 Bxf4 40. Rc3+ e3 41. Kf1 Kf3 42. Bb3 Bg3 43. Bc2 Rf2+ 44. Kg1 Rxc2 45. Rxc2 e2 0-1